Majmua A Hameed - مجموعہ اے حمید (Record no. 534281)
[ view plain ]
| 000 -LEADER | |
|---|---|
| fixed length control field | 00337nam a22001337a 4500 |
| 020 ## - INTERNATIONAL STANDARD BOOK NUMBER | |
| International Standard Book Number | 9789693522686 |
| 040 ## - CATALOGING SOURCE | |
| Transcribing agency | MSOHAIL |
| 082 ## - DEWEY DECIMAL CLASSIFICATION NUMBER | |
| Classification number | 891.4393 |
| 100 ## - MAIN ENTRY--PERSONAL NAME | |
| Personal name | A Hameed - اے حمید |
| 9 (RLIN) | 28444 |
| 245 ## - TITLE STATEMENT | |
| Title | Majmua A Hameed - مجموعہ اے حمید |
| 260 ## - PUBLICATION, DISTRIBUTION, ETC. | |
| Place of publication, distribution, etc. | Lahore |
| Name of publisher, distributor, etc. | Sang-e-Meel |
| Date of publication, distribution, etc. | c2009 |
| 300 ## - PHYSICAL DESCRIPTION | |
| Extent | 560;pxv |
| 942 ## - ADDED ENTRY ELEMENTS (KOHA) | |
| Source of classification or shelving scheme | |
| Koha item type | Book |
| Withdrawn status | Lost status | Source of classification or shelving scheme | Damaged status | Not for loan | Permanent Location | Current Location | Date acquired | Total Checkouts | Full call number | Barcode | Date last seen | Date last checked out | Price effective from | Koha item type |
|---|---|---|---|---|---|---|---|---|---|---|---|---|---|---|
| School of Civil and Environmental Engineering (SCEE) | School of Civil and Environmental Engineering (SCEE) | 02/11/2020 | 1 | 891.4393 | NIT-9711 | 02/15/2024 | 09/14/2023 | 02/11/2020 | Book |
